El chico del río / (Registro nro. 2279)

Detalles MARC
000 -LEADER
fixed length control field 01024nam a2200193 a 4500
008 - CAMPO DE CONTROL (LIBRO)
fixed length control field 161226t2007 ag |||g |||| 000 0 spa d
020 ## - INTERNATIONAL STANDARD BOOK NUMBER
ISBN 9789507531316
092 ## - SIGNATURA TOPOGRAFICA DEWEY LOCAL
número de clasificación 823
libristica 8
sección BOW
100 1# - ENTRADA PRINCIPAL--NOMBRE PERSONAL
Nombre personal Bowler, Tim
9 (RLIN) 3093
245 #3 - TITULO PROPIAMENTE DICHO
Título El chico del río /
Mención de responsabilidad y remanente de la transcripción de la portada Tim Bowler
250 ## - MENCION DE EDICION
Mención de edición 1a ed. 1a reimp.
Mención de responsabilidad relacionada con la ed. Traducción Valeria Castelló-Joubert
260 ## - PIE DE IMPRENTA
Lugar de publicación, distribución, etc Buenos Aires:
Nombre de la editorial, distribuidor, etc Cántaro;
Fecha de publicación 2007.
300 ## - DESCRIPCION FISICA
Extension 172 p.
500 ## - NOTA GENERAL
Nota general Bowler, T. (2007). El chico del río. (1a ed.). Buenos Aires : Cántaro.
505 ## - NOTA DE CONTENIDO
Nota de contenido formateada El abuelo de Jessica está enfermo, pero se niega a permanecer en el hospital. Está decidido a concluir su pintura del chico del río aunque sea lo último que haga. Jessica no comprende bien su empecinamiento, pero pronto ella también se ve atrapada por la enigmática pintura. Entonces conoce al chico del río en persona y sabe que existe un desafío que debe completar antes de que sea demasiado tarde.
590 ## - NOTAS LOCALES (RLIN)
Nota local Donacion Marcela Debener. Proyecto 4to libro 2016
655 ## - MATERIA - GENERO/FORMA
Género/Forma Novela
-- 3091
942 ## - ADDED ENTRY ELEMENTS (KOHA)
Source of classification or shelving scheme Dewey Decimal Classification
Item type LITERATURA
Existencias
Estado de retiro Existencia Fuente de clasificación Estado general No para prestamo Colección Ubicación permanente ubicación actual Sala de ubicación Fecha de adquisición Fuente de adquisición Total Checkouts Total Renewals Número de clasificación Código de barras Date last seen Date last borrowed Número de ejemplar Price effective from Koha tipo de elemento (item) Public note
    Dewey Decimal Classification     Fiction Biblioteca Medicina Biblioteca Medicina Circulación 26/12/2016 Donacion Marcela Debener, 2016 2 2 823 8 BOW 3736 07/10/2024 16/08/2024 Ej. 1 26/12/2016 LITERATURA Proyecto 4to libro. Donación Debener, Marcela

UNIVERSIDAD NACIONAL DEL COMAHUE
Biblioteca de la Facultad de Ciencias Médicas
Sede Toschi: Los Arrayanes y Av. Toschi, Cipolletti  - Rio Negro
Sede Los Tordos:  Yrigoyen al 2211, Cipolletti - Rio Negro 

Teléfono: 0299 - 4774707 int 25
Contacto: biblioteca@facimed.uncoma.edu.ar
© 2011 - 2026